Fifa 19 Premier League TOTS Quiz Stats

 Plays Quiz not verified by Sporcle

Score 0/23 Timer 10:00
3 Plays Today
Hint Answer % Correct
Liverpool / GK / BrazilAlisson
98.7%
Liverpool / CB / NetherlandsVirgil Van Dijk
98.7%
Liverpool / RW / EgyptMohamed Salah
98.5%
Liverpool / LB / ScotlandAndrew Robertson
97.9%
Tottenham Hotspur / CAM / DenmarkChristian Eriksen
97.6%
Manchester City / RW / EnglandRaheem Sterling
97.6%
Manchester City / ST / ArgentinaSergio Aguero
97.4%
Manchester City / GK / BrazilEderson
97.2%
Tottenham Hotspur / ST / South KoreaHeung-Min Son
97.2%
Chelsea / LW / BelgiumEden Hazard
97%
Manchester City / CM / PortugalBernardo Silva
96.8%
Liverpool / LW / SenegalSadio Mane
96.8%
Hint Answer % Correct
Manchester City / CDM / BrazilFernandinho
96.4%
Liverpool / RB / EnglandTrent Alexander-Arnold
95.7%
Manchester City / CB / FranceAymeric Laporte
95.7%
Arsenal / ST / FranceAlexandre Lacazette
94.9%
Arsenal / ST / GabonPierre-Emerick Aubameyang
93.8%
Liverpool / CM / NetherlandsGeorginio Wijnaldum
93.1%
Everton / LB / FranceLucas Digne
89.3%
Leicester City / CM / EnglandJames Maddison
89.1%
Bournemouth / LM / ScotlandRyan Fraser
87%
West Ham United / CDM / EnglandDeclan Rice
84.2%
Wolverhampton / RWB / IrelandMatt Doherty
81.4%

You're not logged in!

Compare scores with friends on all Sporcle quizzes.
OR
Log In

Show Comments

Extras

Top Quizzes Today


Score Distribution

Your Account Isn't Verified!

In order to create a playlist on Sporcle, you need to verify the email address you used during registration. Go to your Sporcle Settings to finish the process.

Report this User

Report this user for behavior that violates our Community Guidelines.

Details: